| 000 | 01407nam a22002297a 4500 | ||
|---|---|---|---|
| 003 | NALT | ||
| 005 | 20240724233222.0 | ||
| 008 | s2547 th tha d | ||
| 040 | _aNALT | ||
| 041 | _atha | ||
| 050 |
_aQD305.A4 _bส773ก 2547 |
||
| 100 | 0 | _aสุทธิชัย อัสสะบำรุงรัตน์ | |
| 245 | 1 | 0 |
_aการใช้ผลิตภัณฑ์ที่เหลือจากการกลั่นแอลกอฮอล์ที่ได้จากกระบวนการหมักเพื่อนำมาทำเป็นสารเพิ่มค่าออกเทนสำหรับน้ำมันเบนซิน / _cสุทธิชัย อัสสะบำรุงรัตน์ |
| 260 |
_aกรุงเทพฯ : _bคณะวิศวกรรมศาสตร์ จุฬาลงกรณ์มหาวิทยาลัย, _c2547 |
||
| 300 |
_a38 หน้า : _bภาพประกอบ, ตาราง ; _c29 ซม. |
||
| 650 | 0 | 4 | _aเทอร์เชียรี เอมิว เอทิล อีเทอร์ -- วิจัย |
| 650 | 0 | 4 | _aอินทรีย์เคมี |
| 650 | 0 | 4 | _aสารประกอบอินทรีย์ -- วิจัย |
| 850 | _aNALT | ||
| 942 |
_cRSH _2lcc |
||
| 999 |
_c44130 _d44130 |
||
| 998 |
_j109 _k อารีรัตน์ วิชาช่าง |
||